Statistics for Name a Top 100 Grossing Film A-Z

Click here to take the quiz!

General Stats

  • This quiz has been taken 495 times
  • The average score is 8 of 18

Answer Stats

HintAnswer% Correct
AAirport | American Graffiti | Animal House | Around the World in 80 Days | Avatar | The Avengers | Avengers: Endgame | Avengers: Infinity War
93%
SShrek 2 | The Sixth Sense | Sleeping Beauty | Smokey and the Bandit | Snow White and the Seven Dwarfs | The Sound of Music | Spider-Man | Spider-Man 2 | Star Wars | Star Wars Episodes I, II, III, VII, VIII, IX | The Sting | Superman | Swiss Family Robinson
79%
BBack to the Future | Bambi | Batman | Beauty and the Beast | The Bells of St. Mary's| Ben-Hur | The Best Years of Our Lives | Beverly Hills Cop | Black Panther | Blazing Saddles | The Bridge on the River Kwai | Butch Cassidy and the Sundance Kid
72%
TThe Ten Commandments | Thunderball | Titanic | Tootsie | The Towering Inferno | Transformers: Revenge of the Fallen | Twister
72%
GGhostbusters | The Godfather| Goldfinger | Gone with the Wind | The Graduate | Grease | The Greatest Show on Earth
69%
JJaws | The Jungle Book | Jurassic Park | Jurassic World
55%
LLady and the Tramp | Lawrence of Arabia | The Lion King | The Lord of the Rings (trilogy) | Love Story
52%
IIncredibles 2 | Independence Day | Indiana Jones and the Temple of Doom
44%
FFantasia | Finding Dory | Finding Nemo | Forrest Gump
43%
EThe Empire Strikes Back | E.T. the Extra-Terrestrial | The Exorcist
39%
HHarry Potter and the Sorcerer's Stone | Home Alone
37%
RRaiders of the Lost Ark | Return of the Jedi | Robe, The | Rocky | The Rocky Horror Picture Show | Rogue One: A Star Wars Story
32%
CCinderella | Cleopatra | Close Encounters of the Third Kind
28%
DThe Dark Knight | The Dark Knight Rises | Doctor Zhivago
25%
PThe Passion of the Christ | Pinocchio | Pirates of the Caribbean: Dead Man's Chest | The Poseidon Adventure
22%
MMary Poppins | MASH | Men in Black | My Fair Lady
18%
WWest Side Story
12%
OOne Flew Over the Cuckoo's Nest | One Hundred and One Dalmatians
9%

Score Distribution

Percentile by Number Answered

Percent of People with Each Score

Your Score History

You have not taken this quiz